María

Bibliographic Details
Main Author: Isaacs, Jorge
Format: Section = Libro
Language:Undetermined
Spanish
Published: Bogotá Cometa de Papel 1997
Subjects:
LEADER 00481nam a2200193Ia 4500
008 240829s9999 xx 000 0 und d
020 |a 958-9443-35-4 
040 |a BIBLIOTECA-RUSB/ 863.2 I73 
041 |a spa 
082 |a 863.2 I73 
100 1 |a Isaacs, Jorge 
245 1 0 |a María 
260 |a Bogotá  |b Cometa de Papel  |c 1997 
300 |a 157 p. 
650 7 |a NOVELA COLOMBIANA-SIGLO XX 
650 7 |b  LITERATURA COLOMBIANA-SIGLO XX 
942 |c BK  |2 ddc 
991 |a TEXTO 
999 |c 5500